Two-way interactive television for distance learning : a primer /

Bibliographic Details
Main Author: Kitchen, Karen
Corporate Author: National School Boards Association. Institute for the Transfer of Technology to Education
Other Authors: Kitchen, Will
Format: Book
Language:English
Published: Alexandria, VA : ITTE Technology Leadership Network, [1988]
Subjects:

MARC

Tag First Indicator Second Indicator Subfields
LEADER 00000cam a2200000 a 4500
001 in00000972784
005 20150927111230.0
008 880929c19881987vaua b 00010 eng d
035 |a (OCoLC)18542441 
035 |9 AEW0822AM 
040 |a GZR  |c GZR  |d IXA  |d UtOrBLW 
043 |a n-us--- 
049 |a TXAM 
090 |a LC5805  |b .K583 1988 
100 1 |a Kitchen, Karen. 
245 1 0 |a Two-way interactive television for distance learning :  |b a primer /  |c by Karen and Will Kitchen. 
264 1 |a Alexandria, VA :  |b ITTE Technology Leadership Network,  |c [1988] 
264 4 |c ©1987 
300 |a 146 pages :  |b illustrations ;  |c 28 cm. 
336 |a text  |b txt  |2 rdacontent 
337 |a unmediated  |b n  |2 rdamedia 
338 |a volume  |b nc  |2 rdacarrier 
500 |a "An ITTE Technology Leadership Network special report from the Institute for the Transfer of Technology to Education of the National School Boards Association." 
500 |a "May 1988." 
504 |a Bibliography: pages 45-48. 
650 0 |a Distance education  |z United States. 
650 0 |a Television in education  |z United States. 
700 1 |a Kitchen, Will. 
710 2 |a National School Boards Association.  |b Institute for the Transfer of Technology to Education. 
999 |a MARS 
999 f f |s 1ad12294-010d-3289-a148-599c6108eb09  |i d4d77091-0843-330f-ac3a-9d66f40e3707  |t 0 
952 f f |p normal  |a Texas A&M University  |b College Station  |c Sterling C. Evans Library  |d Evans: Library Stacks  |t 0  |e LC5805 .K583 1988  |h Library of Congress classification  |i unmediated -- volume  |m A14814337783 
998 f f |a LC5805 .K583 1988  |t 0  |l Evans: Library Stacks